Introduccion a la Contabilidad con Computadoras / (Registro nro. 12773)

Detalles MARC
000 -LIDER
fixed length control field 00578nam a22001937a 4500
003 - IDENTIFICACDOR DE NÚMERO DE CONTROL
control field DO-SdBNP
005 - DATE AND TIME OF LATEST TRANSACTION
control field 20171201072049.0
008 - ELEMENTOS DE LONGITUD FIJA
fixed length control field 171107b 1981 mx a |||| |||| 00| 0 spa d
020 ## - ISBN
International Standard Book Number 9681802551
040 ## - FUENTE DE CATALOGACIÓN
Agencia que crea de manera original el registro BPMSU
Idioma de catalogación spa
Agencia que realiza la transcripción BPMSU
092 ## - LOCALLY ASSIGNED DEWEY DECIMAL CALL NUMBER
Número de clasificación xxxx
Número de ítem (Cutter) xxxx
100 1# - ASIENTO PRINCIPAL -- NOMBRE PERSONAL
Nombre personal Linton, Andrew F.
245 10 - MENCIÓN DE TITULO
Título Introduccion a la Contabilidad con Computadoras /
Mención de responsabilidad Andrew F. Linton
260 ## - PUBLICACIÓN, DISTRIBUCIÓN, ETC. (PIE DE IMPRENTA)
Lugar de publicación, distribución, etc Mexico :
Nombre del editor, distribuidor, etc. Limusa,
Fecha de publicación, distribución, etc 1981.
300 ## - DESCRIPCIÓN FÍSICA
Extensión 190 p. :
Otros detalles físicos il. ;
Dimensiones 22 cm.
942 ## - ADDED ENTRY ELEMENTS (KOHA)
Source of classification or shelving scheme Dewey Decimal Classification
Koha item type Libros
945 ## - INFORMACIÓN DE PROCESAMIENTO LOCAL
Información de procesamiento local inventariado extranjero / DG
956 ## - LOCAL ELECTRONIC LOCATION AND ACCESS (OCLC)
Nombre de host LOPEREZ
Número de acceso 10
Información de compresión 20170711
Procesador de solicitud 00041
Instrucción BPMSU
Existencias
Withdrawn status Lost status Source of classification or shelving scheme Damaged status Not for loan Collection code Home library Current library Date acquired Source of acquisition Total Checkouts Barcode Date last seen Price effective from Koha item type
    Dewey Decimal Classification     Colección General Biblioteca Pública Metropolitana Salomé Ureña Biblioteca Pública Metropolitana Salomé Ureña 11/07/2017 Donado por FUNDI   BPMSU17110059 11/07/2017 11/07/2017 Libros